LAN switching and wireless : (Record no. 13360)
[ view plain ]
| 000 -LEADER | |
|---|---|
| fixed length control field | 01813cam a2200373 a 4500 |
| 001 - CONTROL NUMBER | |
| control field | 15216847 |
| 005 - DATE AND TIME OF LATEST TRANSACTION | |
| control field | 20090831121746.0 |
| 008 - FIXED-LENGTH DATA ELEMENTS--GENERAL INFORMATION | |
| fixed length control field | 080312s2008 inua 001 0 eng |
| 010 ## - LIBRARY OF CONGRESS CONTROL NUMBER | |
| LC control number | 2008011633 |
| 020 ## - INTERNATIONAL STANDARD BOOK NUMBER | |
| International Standard Book Number | 9781587132070 (hardcover w/cd) |
| 020 ## - INTERNATIONAL STANDARD BOOK NUMBER | |
| International Standard Book Number | 1587132079 (hardcover w/cd) |
| 035 ## - SYSTEM CONTROL NUMBER | |
| System control number | (OCoLC)ocn213408606 |
| 035 ## - SYSTEM CONTROL NUMBER | |
| System control number | (OCoLC)213408606 |
| 040 ## - CATALOGING SOURCE | |
| Original cataloging agency | DLC |
| Transcribing agency | DLC |
| Modifying agency | BAKER |
| -- | C#P |
| -- | YDXCP |
| -- | DLC |
| 050 00 - LIBRARY OF CONGRESS CALL NUMBER | |
| Classification number | TK5103.8 |
| Item number | .L493 2008 |
| 082 00 - DEWEY DECIMAL CLASSIFICATION NUMBER | |
| Classification number | 004.68 |
| Edition number | 22 |
| Item number | LEW |
| 100 1# - MAIN ENTRY--PERSONAL NAME | |
| Personal name | Lewis, Wayne, |
| Titles and other words associated with a name | Ph.D. |
| 9 (RLIN) | 11268 |
| 245 10 - TITLE STATEMENT | |
| Title | LAN switching and wireless : |
| Remainder of title | CCNA exploration companion guide / |
| Statement of responsibility, etc | Wayne Lewis. |
| 260 ## - PUBLICATION, DISTRIBUTION, ETC. (IMPRINT) | |
| Place of publication, distribution, etc | Indianapolis, Ind. : |
| Name of publisher, distributor, etc | Cisco Press, |
| Date of publication, distribution, etc | c2008. |
| 300 ## - PHYSICAL DESCRIPTION | |
| Extent | xxvi, 497 p. : |
| Other physical details | ill. (some col.) ; |
| Dimensions | 25 cm. + |
| Accompanying material | 1 CD-ROM (4 3/4 in.). |
| 490 1# - Series Statement | |
| Series statement | Cisco Networking Academy series |
| 500 ## - GENERAL NOTE | |
| General note | Includes index. |
| 650 #0 - SUBJECT ADDED ENTRY--TOPICAL TERM | |
| Topical term or geographic name as entry element | Telecommunication |
| General subdivision | Switching systems |
| -- | Examinations |
| Form subdivision | Study guides. |
| 9 (RLIN) | 11269 |
| 650 #0 - SUBJECT ADDED ENTRY--TOPICAL TERM | |
| Topical term or geographic name as entry element | Wireless LANs |
| General subdivision | Examinations |
| Form subdivision | Study guides. |
| 9 (RLIN) | 11270 |
| 650 #0 - SUBJECT ADDED ENTRY--TOPICAL TERM | |
| Topical term or geographic name as entry element | Telecommunications engineers |
| General subdivision | Certification |
| -- | Examinations |
| Form subdivision | Study guides. |
| 9 (RLIN) | 11271 |
| 710 2# - ADDED ENTRY--CORPORATE NAME | |
| Corporate name or jurisdiction name as entry element | Cisco Networking Academy Program. |
| 9 (RLIN) | 11272 |
| 710 2# - ADDED ENTRY--CORPORATE NAME | |
| Corporate name or jurisdiction name as entry element | Cisco Systems, Inc. |
| 9 (RLIN) | 11273 |
| 830 #0 - SERIES ADDED ENTRY--UNIFORM TITLE | |
| Uniform title | Cisco Networking Academy Program series. |
| 9 (RLIN) | 11274 |
| 856 41 - ELECTRONIC LOCATION AND ACCESS | |
| Materials specified | Table of contents only |
| Uniform Resource Identifier | <a href="http://www.loc.gov/catdir/toc/ecip0813/2008011633.html">http://www.loc.gov/catdir/toc/ecip0813/2008011633.html</a> |
| 942 ## - ADDED ENTRY ELEMENTS (KOHA) | |
| Source of classification or shelving scheme | Dewey Decimal Classification |
| Item type | Book - Borrowing |
| Withdrawn status | Item status | Source of classification or shelving scheme | Damaged status | Not for loan | Vendor | Home library | Current library | Shelving location | Date acquired | Source of acquisition | Cost, normal purchase price | Serial Enumeration / chronology | Total Checkouts | Total Renewals | Full call number | Barcode | Date last seen | Date last borrowed | Koha item type |
|---|---|---|---|---|---|---|---|---|---|---|---|---|---|---|---|---|---|---|---|
| Dewey Decimal Classification | Alahram | Central Library | Central Library | Lower Floor | 11/02/2010 | 270.00 | 37 | 3 | 7 | 004.68 LEW | 000019582 | 15/07/2025 | 28/10/2024 | Book - Borrowing | |||||
| Dewey Decimal Classification | Alahram | Central Library | Central Library | Lower Floor | 11/02/2010 | 270.00 | 37 | 004.68 LEW | 000019583 | 24/08/2022 | CD | DVD - With book |